Welcome to the Holygrace Academy Library

Please use search bar below to get started

NIGHT MARE (Record no. 1730)

MARC details
000 -LEADER
fixed length control field 00347nam a22001577a 4500
020 ## - INTERNATIONAL STANDARD BOOK NUMBER
ISBN 978-0-00725140-7
082 ## - DEWEY DECIMAL CLASSIFICATION NUMBER
Classification number 823
Item number STI/G
100 ## - MAIN ENTRY--AUTHOR NAME
Personal name STINE, R.L
245 ## - TITLE STATEMENT
Title NIGHT MARE
Remainder of title SHORT STORY
246 ## - VARYING FORM OF TITLE
Title proper/short title NIGHT MARE
Remainder of title SHORT STORY
260 ## - PUBLICATION, DISTRIBUTION, ETC. (IMPRINT)
Place of publication USA
Name of publisher AVON
Year of publication 2001
300 ## - PHYSICAL DESCRIPTION
Number of Pages 131
520 ## - SUMMARY, ETC.
Summary, etc SHORT STORY
650 ## - SUBJECT ADDED ENTRY--TOPICAL TERM
Topical Term SHORT STORY
942 ## - ADDED ENTRY ELEMENTS (KOHA)
Koha item type Books
Holdings
Withdrawn status Lost status Collection code Home library Current library Shelving location Date acquired Source of acquisition Full call number Accession Number Koha item type
    Fiction Main Library Main Library SHELF 4-A GOOSEBUMPS 15/05/2009 Purchase 823 STI/G 04809 Books